00366nam a2200133Ia 450000500170000000800410001702000180005808200210007610000280009724500490012526000380017430000110021244000090022320241106112704.0240126s9999 xx 000 0 und d a9788184958553 a813.08 HAL;1 R aHallegue, Madhur Zakir. 0a100 desi stories : wisdom from Ancient India bJaico PublishingaAhmedabadc2017 ax, 240 aNULL